Entrada Personal Name
Número de registros utilizados en: 1
001 - CONTROL NUMBER
- control field: 17619
003 - CONTROL NUMBER IDENTIFIER
- control field: DLC
005 - DATE AND TIME OF LATEST TRANSACTION
- control field: 20251017121730.0
008 - FIXED-LENGTH DATA ELEMENTS
- fixed length control field: 790628n| azannaabn |b aaa
010 ## - LIBRARY OF CONGRESS CONTROL NUMBER
- LC control number: n 79054904
035 ## - SYSTEM CONTROL NUMBER
- System control number: (OCoLC)oca00288026
040 ## - CATALOGING SOURCE
- Original cataloging agency: DLC
- Language of cataloging: spa
- Description conventions: rda
- Transcribing agency: Mx-PuUPA
- Modifying agency: DLC
- Modifying agency: OrU
- Modifying agency: DLC
- Modifying agency: OU
- Modifying agency: OCoLC
- Modifying agency: Mx-PuUPA
046 ## - SPECIAL CODED DATES
- Birth date: 19280114
- Death date: 20190801
- Source of date scheme: edtf
053 #0 - LC CLASSIFICATION NUMBER
- Classification number element--single number or beginning number of span: PS3563.A9525
100 1# - HEADING--PERSONAL NAME
- Personal name: Mayer, Martin,
- Dates associated with a name: 1928-2019
370 ## - ASSOCIATED PLACE
- Place of birth: Manhattan (Nueva York, N.Y.)
- Place of death: Isla Shelter (N.Y.)
- Source of term: naf
374 ## - OCCUPATION
- Occupation: Autor
- Occupation: Críticos musicales
- Source of term: lcsh
375 ## - GENDER
- Gender: hombre
377 ## - ASSOCIATED LANGUAGE
- Language code: eng
378 ## - FULLER FORM OF PERSONAL NAME
- Fuller form of personal name: Martin Prager
400 1# - SEE FROM TRACING--PERSONAL NAME
- Personal name: Mayer, Martin P.
- Fuller form of name: (Martin Prager),
- Dates associated with a name: 1928-2019
400 1# - SEE FROM TRACING--PERSONAL NAME
- Personal name: Mayer, Martin Prager,
- Dates associated with a name: 1928-2019
400 1# - SEE FROM TRACING--PERSONAL NAME
- Personal name: 迈耶, 马丁,
- Dates associated with a name: 1928-2019
400 0# - SEE FROM TRACING--PERSONAL NAME
- Personal name: 马丁.迈耶,
- Dates associated with a name: 1928-2019
670 ## - SOURCE DATA FOUND
- Source citation: His The experts, c1955.
670 ## - SOURCE DATA FOUND
- Source citation: His Madison Avenue U.S.A., 1991:
- Information found: CIP t.p. (Martin Prager Mayer)
670 ## - SOURCE DATA FOUND
- Source citation: His The Fed, 2001:
- Information found: CIP t.p. (Martin Mayer) data sh. (b. Jan. 14, 1928)
670 ## - SOURCE DATA FOUND
- Source citation: His Hi-fi, 1956:
- Information found: t.p. (Martin Mayer; record critic, Esquire)
670 ## - SOURCE DATA FOUND
- Source citation: Esquire WWW site, Nov. 6, 2008
- Information found: The unabridged Esquire masthead (Martin P. Mayer; guest scholar at the Brookings Institution; also wrote a music column for Esquire for 20 years)
670 ## - SOURCE DATA FOUND
- Source citation: Meiguo shang ye dian shi de jing zheng, 2007:
- Information found: t.p. (马丁.迈耶 = Martin Mayer)
670 ## - SOURCE DATA FOUND
- Source citation: Wikidata, December 23, 2020
- Information found: (alias: Martin Mayer, Martin Prager Mayer; date of birth: +1928-01-14T00:00:00Z; instance of: human; sex or gender: male; given name: Martin; country of citizenship: United States of America; different from: Martin Mayer; occupation: author; place of birth: Manhattan; languages spoken or published: English; surname: Mayer; date of death: +2019-08-01T00:00:00Z; place of death: Shelter Island; manner of death: natural causes; cause of death: Parkinson's disease; description/label: American business writer, Amerikaanse schrijver , amerikanischer Autor, auteur américain, autor estadounidense, autor estatunidenc, autor estauxunidense, autor norte-americano, autore estatubatuarra, autore statunitense, مؤلف من الولايات المتحدة الأمريكية, مارتن ماير; BIBSYS identifier: 90552254; BNE identifier: XX843869; BnF identifier: 125725238; CANTIC: a10122060; Europeana entity: agent/base/88209; Freebase identifier: /m/0fyqk7; GND identifier: 130172855; LCAuth identifier: n79054904; National Library of Korea ID: KAC200904281; NDL identifier: 00449250; NKC identifier: vse2013772868; NTA identifier (Netherlands: ) 070044759; NUKAT authorities: n99022588; Open Library identifier: OL451835A; PTBNP identifier: 117902; SUDOC authorities: 03504036X; WorldCat Identities ID: lccn-n79054904)
- Uniform Resource Identifier: https://www.wikidata.org/wiki/Q6776146